000 00622nam a2200205Ia 4500
003 OSt
005 20230427105143.0
008 210423s2008 xx 000 0 und d
020 _a9788130906683
040 _cAL
041 _aeng
082 _a820.9 BLOV
_223
100 _aBLOOM (Harold),Ed
_993782
245 _aViva modern critical interpretations Charles Dickens's a tale of two cities
260 _aNew Delhi
_bViva Books Pvt Ltd
_c2008
300 _avii,231
_bPB
365 _b145
_cINR
906 _aCharles ; cities ; critical ; Dickens ; interpretations ; modern ; s ; tale ; two ; Viva
942 _2ddc
_cBK
999 _c161778
_d161778